00909 a2200181 45000010006000000050017000060080041000230030015000640400040000790800107001192450059002260200018002852640076003033000018003795050288003970410008006851000034006935850920260407155841.0260407a1980 arg spa dAR-UNSa-BCEJYS aAR-UNSa-BCEJYSbspacAR-UNSa-BCEJYS a35.08xPersonal administrativo. Funcionarios. plantilla. función pública. Teoría, organización10aEl origen geográfico de los funcionarios españoles a84-7351-149-2 1aMadrid :bInstituto Nacional de Administración Pública (INAP)c1980 a55 p.c22 cm. a1. Metodología y límites del análisis - 2. El origen geográfico de los funcionarios superiores - 3. El origen Regional de los Altos cargos y de los Técnicos de Administración Civil - 4. El origen geográfico de los técnicos de Administración Civil - 5. Conclusiones  aspa1 aÁlvarez Álvarez, Julián